College Quizbowl Stats
College Quizbowl Stats
Circuits
Seasons
Sets
Records
Detailed Stats
About
Loading...
2023 Penn Bowl @ FSU
Tossups
Bonuses
Players
Teams
Categories (Tossup)
Categories (Bonus)
Eve Maramba
Florida A
Categories
Category
Powers
Gets
Negs
BBs
Points
Earliest Buzz
Avg. Buzz
First Buzzes
Top 3 Buzzes
BPA
PVF
Fine Arts - Other
0
1
0
0
10
102
102.00
1
1
0.00
0.00
Philosophy
0
1
0
0
10
127
127.00
0
1
0.00
0.00
History - American
0
0
1
0
-5
0.00
0
0
0.00
0.00
Social Science
0
0
1
0
-5
0.00
0
0
0.00
0.00
Buzzes
Category
Answer
Value
Buzz Position
History - American
1860s
-5
26
Social Science
ethnographic film
-5
48
Fine Arts - Other
People’s Republic of China
10
102
Philosophy
Gottlob Frege
10
127
Previous
1
Next